00761nam a22002537a 450000500170000001000130001702000090003003500130003903700160005204000120006808200130008010000310009324500390012424600060016326000430016927000230021230000240023550000200025965000230027965000290030294200220033199900190035395201350037220170124110156.0 aA-834996 c8.50 aA-834996 bCen Lib/Ret aDPLbEN a070bRAU aRau, M. Chalapathi 935124 aThe press /cby M. Chalapathi Rau  b  bNational Book Trust c1974aNew Delhi  bNew Delhi e110013 avi, 211p.c19cm(Hb) aIncludes index  aJournalism 935125 aElectronic media 935126 2ddccENh070mRAU c132567d132567 00104070aLbLd2015-07-23eCen Lib/Retg8.50l4m5o070 RAUpA-834996r2023-04-28 00:00:00s2023-02-22t1v8.50w2015-07-23yEN